|
|
|
|
| LEADER |
01824nam a2200409 a 4500 |
| 001 |
EBC818569 |
| 003 |
MiAaPQ |
| 005 |
20200520144314.0 |
| 006 |
m o d | |
| 007 |
cr cn||||||||| |
| 008 |
110817s2012 njua sb 001 0 eng d |
| 010 |
|
|
|z 2011034158
|
| 020 |
|
|
|z 9781119953319 (hardback)
|
| 020 |
|
|
|a 9781119961185 (electronic bk.)
|
| 035 |
|
|
|a (MiAaPQ)EBC818569
|
| 035 |
|
|
|a (Au-PeEL)EBL818569
|
| 035 |
|
|
|a (CaPaEBR)ebr10512901
|
| 035 |
|
|
|a (CaONFJC)MIL333775
|
| 035 |
|
|
|a (OCoLC)792986276
|
| 040 |
|
|
|a MiAaPQ
|c MiAaPQ
|d MiAaPQ
|
| 050 |
|
4 |
|a HF5415.127
|b .B57 2012
|
| 082 |
0 |
4 |
|a 658.8/02
|2 23
|
| 100 |
1 |
|
|a Bird, Andy.
|
| 245 |
1 |
4 |
|a The growth drivers
|h [electronic resource] :
|b the definitive guide to building marketing capabilities /
|c Andy Bird and Mhairi McEwan.
|
| 260 |
|
|
|a Hoboken, N.J. :
|b Wiley,
|c 2012.
|
| 300 |
|
|
|a xxi, 294 p. :
|b ill.
|
| 504 |
|
|
|a Includes bibliographical references and index.
|
| 505 |
0 |
|
|a pt. 1. Understanding the growth drivers -- pt. 2. How to transform marketing capabilities to drive growth -- pt. 3. Sustaining growth in practice.
|
| 520 |
|
|
|a "The Growth Drivers is not only a practical guide to building marketing capabilities it explains why it is critical that organisations invest in the capabilities needed to excel at customer-centric marketing to drive growth"--
|c Provided by publisher.
|
| 533 |
|
|
|a Electronic reproduction. Ann Arbor, MI : ProQuest, 2015. Available via World Wide Web. Access may be limited to ProQuest affiliated libraries.
|
| 650 |
|
0 |
|a Market segmentation.
|
| 650 |
|
0 |
|a Economic development.
|
| 650 |
|
0 |
|a Investments.
|
| 655 |
|
4 |
|a Electronic books.
|
| 700 |
1 |
|
|a McEwan, Mhairi.
|
| 710 |
2 |
|
|a ProQuest (Firm)
|
| 856 |
4 |
0 |
|u https://ebookcentral.proquest.com/lib/matrademy/detail.action?docID=818569
|z Click to View
|